000 00384nam a2200157Ia 4500
008 230917s9999||||xx |||||||||||||| ||und||
040 _e118732
_aMAIN
041 _aEnglish
082 _a547.4 D561D
100 _aDictionary
245 0 _aDictionary of orangic compunds
250 _a4th ed.
260 _aLondon
_bEyre's Spottiswoode
_c1979
300 _a1058p. p.
942 _cBK
999 _c211065
_d211065